| 000 | 00650nam a22001935a 4500 | ||
|---|---|---|---|
| 005 | 20161023141616.0 | ||
| 008 | 161023s2016 ii fr 000 0 eng d | ||
| 020 | _a9789331327130 | ||
| 040 |
_aEG-ScBUE _beng _cEG-ScBUE _dEG-ScBUE |
||
| 082 | 0 | 4 |
_222 _a297.273 _bSHA |
| 100 | 1 |
_aShaghil, M. _q(Muhammad), _d1913- |
|
| 245 | 1 | 0 |
_aIslamic economics : _ba global perspective / _cM. Shaghil. |
| 260 |
_aNew Delhi : _bA. P. H. Publishing Corporation, _c2016. |
||
| 300 |
_axii, 175 p. ; _c24 cm. |
||
| 650 | 7 |
_2BUEsh _933913 _aEconomics _xReligious aspects _xIslam. |
|
| 650 | 7 |
_936878 _aEconomic history. _2BUEsh |
|
| 653 |
_bBUSADM _cOctober2016 |
||
| 942 | _2ddc | ||
| 999 |
_c22791 _d22763 |
||